• 首页
  • 本馆介绍
  • 公告通知
  • 最新文献
  • 馆藏检索
  • 电子资源
  • 读者导购
  • 参考咨询
  • 我的图书馆
  • 登录
  • 详细信息显示
  • 放入我的书架
  • 预约/预借图书
  • 作者相关作品
  • 分类相关作品
  • 丛书相关作品
  • 出版社相关作品

书目信息

  • 表格格式
  • 工作单格式
  • 卡片格式
题名:
马克思主义新闻观经典文献研究
    
 
作者: 陈力丹 , 支庭荣 主编
分册:  
出版信息: 北京   中国人民大学出版社  2020.01
页数: 386页
开本: 24cm
丛书名: 新闻传播学文库
单 册:
中图分类: G210-53 , G210
科图分类:
主题词: 马克思主义--ma ke si zhu yi--新闻学--文集
电子资源:
ISBN: 978-7-300-27850-6
000 01405nam 2200337 450
001 2274136736
005 20220915203621.12
010    @a978-7-300-27850-6@dCNY88.00
092    @aCN@bRt916-2107
100    @a20200324d2020 em y0chiy50 ea
101 0  @achi
102    @aCN@b110000
105    @aa a 000yy
200 1  @a马克思主义新闻观经典文献研究@Ama ke si zhu yi xin wen guan jing dian wen xian yan jiu@d= Classical essays on marxist views of journalism@f陈力丹, 支庭荣主编@zeng
210    @a北京@c中国人民大学出版社@d2020.01
215    @a386页@c图@d24cm
225 2  @a新闻传播学文库@Axin wen chuan bo xue wen ku
300    @a本书系暨南大学马克思主义新闻理论研究中心科研成果
320    @a有书目
330    @a《马克思主义新闻观经典文献研究》采用历史—哲学—人文的传统方法, 选取马克思、恩格斯和列宁关于传播、新闻、宣传、文化等方面论述的经典文献, 进行历史考证性质的研究, 还原马克思、恩格斯、列宁等人本来的写作背景, 真实再现经典作家论述的原本意思, 以及得以产生这些观点的思想渊源。
410  0 @12001 @a新闻传播学文库
510 1  @aClassical essays on marxist views of journalism@zeng
606 0  @a马克思主义@Ama ke si zhu yi@x新闻学@j文集
690    @aG210-53@v5
690    @aG210@v4
701  0 @a陈力丹@Achen li dan@4主编
701  0 @a支庭荣@Azhi ting rong@4主编
801  0 @aCN@b人天书店@c20200324
901    @a中国人民大学出版社
905    @aZUCC@dG210@e23
997    @a期货
    
    马克思主义新闻观经典文献研究= Classical essays on marxist views of journalism/陈力丹, 支庭荣主编.-北京:中国人民大学出版社,2020.01
    386页:图;24cm.-(新闻传播学文库)
    本书系暨南大学马克思主义新闻理论研究中心科研成果
    
    ISBN 978-7-300-27850-6:CNY88.00
    《马克思主义新闻观经典文献研究》采用历史—哲学—人文的传统方法, 选取马克思、恩格斯和列宁关于传播、新闻、宣传、文化等方面论述的经典文献, 进行历史考证性质的研究, 还原马克思、恩格斯、列宁等人本来的写作背景, 真实再现经典作家论述的原本意思, 以及得以产生这些观点的思想渊源。
●
相关链接 在五车中查询图书 在当当中查询图书 在豆瓣中查询图书


正题名:马克思主义新闻观经典文献研究     索取号:G210/23         预约/预借

序号 登录号 条形码 馆藏地/架位号 状态 备注
1 2000892739   2000892739   第三书库/ [索取号:G210/23] 在馆    
2 2000892740   2000892740   第三书库/ [索取号:G210/23] 在馆    
3 2000892741   2000892741   第三书库/ [索取号:G210/23] 在馆    
山东省滨州职业学院图书馆 欢迎您!
大连网信软件有限公司© 版权所有